000
00333nam a2200133Ia 4500
008
240624s9999 xx 000 0 und d
041
_a
eng
082
_a
658.8 GUP
100
_a
GUPTA SUDHIR
245
_a
MARKETING MANAGEMENT
260
_c
2011
_a
New Delhi
_b
Centrum Press
300
_a
vii, : 328 : p. : cm. ; 22
365
_c
RS
_b
20
999
_c
16129
_d
16129